Critical essays on Dylan Thomas / (Record no. 63122)
[ view plain ]
| 000 -LEADER | |
|---|---|
| fixed length control field | 00851nam a2200265 a 4500 |
| 001 - CONTROL NUMBER | |
| control field | 63122 |
| 003 - CONTROL NUMBER IDENTIFIER | |
| rucl marc code | BD-RjUL |
| 005 - DATE AND TIME OF LATEST TRANSACTION | |
| control field | 20211209081148.0 |
| 008 - FIXED-LENGTH DATA ELEMENTS--GENERAL INFORMATION | |
| fixed length control field | 170128s1989 mau b 001 0 eng d |
| 020 ## - INTERNATIONAL STANDARD BOOK NUMBER | |
| International Standard Book Number | 0816187703 (alk. paper) |
| 035 ## - SYSTEM CONTROL NUMBER | |
| System control number | (BD-RjUL) 63250 |
| 040 ## - CATALOGING SOURCE | |
| Original cataloging agency | BD-RjUL |
| Transcribing agency | BD-RjUL |
| Language of cataloging | eng |
| 041 ## - LANGUAGE CODE | |
| Language code of text/sound track or separate title | eng |
| 082 00 - DEWEY DECIMAL CLASSIFICATION NUMBER | |
| Classification number | 821.912 |
| Edition number | 23 |
| Author mark and year | GAC 1989 |
| 100 ## - MAIN ENTRY--PERSONAL NAME | |
| Personal name | George, Gaston |
| 9 (RLIN) | 187819 |
| 245 00 - TITLE STATEMENT | |
| Title | Critical essays on Dylan Thomas / |
| Statement of responsibility, etc. | [selected by] Georg Gaston. |
| 260 ## - PUBLICATION, DISTRIBUTION, ETC. (IMPRINT) | |
| Place of publication, distribution, etc. | Boston : |
| Name of publisher, distributor, etc. | G.K. Hall, |
| Date of publication, distribution, etc. | c1989. |
| 300 ## - PHYSICAL DESCRIPTION | |
| Pagination | viii, 197 p. ; |
| Size | 25 cm. |
| 500 ## - GENERAL NOTE | |
| General note | Includes Index. |
| 650 ## - SUBJECT ADDED ENTRY--TOPICAL TERM | |
| Source of heading or term | Thomas, Dylan, |
| Topical term or geographic name as entry element | Criticism and interpretation. |
| General subdivision | In literature. |
| 9 (RLIN) | 187821 |
| 651 #0 - SUBJECT ADDED ENTRY--GEOGRAPHIC NAME | |
| Geographic name | Wales |
| General subdivision | In literature. |
| 9 (RLIN) | 187822 |
| 856 ## - ELECTRONIC LOCATION AND ACCESS | |
| Materials specified | Critical essays on British literature |
| 942 ## - ADDED ENTRY ELEMENTS (KOHA) | |
| Source of classification or shelving scheme | Dewey Decimal Classification |
| Koha item type | Books |
| Lost status | Source of classification or shelving scheme | Damaged status | Not for loan | Collection code | Permanent Location | Current Location | Shelving location | Date acquired | Source of acquisition | Cost, normal purchase price | Total Checkouts | Full call number | Date last seen | Copy number | Koha item type |
|---|---|---|---|---|---|---|---|---|---|---|---|---|---|---|---|
| Dewey Decimal Classification | Not For Loan | Non-fiction | Central Library, University of Rajshahi | Central Library, University of Rajshahi | Reading Room | 03/06/2009 | Ahashan mission, Dhaka | 29.16 | 821.912 GAC 1989 | 28/01/2017 | C-1 | Books |